• 首页
  • 本馆介绍
  • 公告通知
  • 最新文献
  • 馆藏检索
  • 电子资源
  • 读者导购
  • 参考咨询
  • 我的图书馆
  • 登录
  • 详细信息显示
  • 放入我的书架
  • 预约/预借图书
  • 作者相关作品
  • 分类相关作品
  • 丛书相关作品
  • 出版社相关作品

书目信息

  • 表格格式
  • 工作单格式
  • 卡片格式
题名:
信神信鬼害死人
    
 
作者: 詹文元 著
分册:  
出版信息: 杭州   浙江人民出版社  1982
页数: 105页
开本: 19cm
丛书名:
单 册:
中图分类: B17
科图分类:
主题词: 马克思主义哲学--传播--世界 , 马克思主义哲学--发展--世界
电子资源:
ISBN:
000 00586nam0 2200205 450
001 0634153687
005 20060720093111.37
010    @dCNY0.24
100    @a20060720d1982 km y0chiy0120 ea
101 0  @achi
102    @aCN@b330000
200 1  @a信神信鬼害死人@Axin shen xin gui hai si ren@f詹文元等著@Fzhan wen yuan deng zhu
210    @a杭州@c浙江人民出版社@d1982
215    @a105页@d19cm
606 0  @a马克思主义哲学@x传播@x世界
606 0  @a马克思主义哲学@x发展@x世界
690    @aB17@v3
701  0 @a詹文元@Azhan wen yuan@4著
801  0 @aCN@bPFT@c20060720
905    @a10447@dB17@e47
    
    信神信鬼害死人/詹文元等著.-杭州:浙江人民出版社,1982
    105页;19cm
    
    
    ISBN :CNY0.24
    
●
相关链接 在E读中查询图书 在五车中查询图书 在当当中查询图书 在豆瓣中查询图书


正题名:信神信鬼害死人     索取号:B17/47         预约/预借

序号 登录号 条形码 馆藏地/架位号 状态 备注
1 0424318   204243185   密集书库/ [索取号:B17/47] 在馆    
唐山师范学院图书馆 欢迎您!
大连网信软件有限公司© 版权所有